Sticks & stones : how digital reputations are created over time and lost in a click (Record no. 287943)

MARC details
000 -LEADER
fixed length control field 00673nam a2200217Ia 4500
008 - FIXED-LENGTH DATA ELEMENTS--GENERAL INFORMATION
fixed length control field 191130s2009##################000#0#eng##
020 ## - INTERNATIONAL STANDARD BOOK NUMBER
ISBN 9780470457382
082 ## - DEWEY DECIMAL CLASSIFICATION NUMBER
Classification number 302.231 WEB
100 ## - MAIN ENTRY--AUTHOR NAME
Personal name Weber, Larry
245 ## - TITLE STATEMENT
Title Sticks & stones : how digital reputations are created over time and lost in a click
Statement of responsibility, etc Larry weber
260 ## - PUBLICATION, DISTRIBUTION, ETC. (IMPRINT)
Place of publication Hoboken, NJ
Name of publisher Wiley
Year of publication 2009
300 ## - PHYSICAL DESCRIPTION
Number of Pages xiii., 226p ;23cm
500 ## - GENERAL NOTE
General note Includes bibliographical references
650 ## - SUBJECT ADDED ENTRY--TOPICAL TERM
Topical Term Internet in public relations
Topical Term Internet in publicity
Topical Term Public relations
991 ## -
-- 225271
Holdings
Withdrawn status Lost status Damaged status Not for loan Home library Current library Shelving location Date acquired Full call number Accession Number Price effective from Koha item type
        Anna Centenary Library Anna Centenary Library 3RD FLOOR, B WING 15.10.2020 302.231 WEB 131036 15.10.2020 English Books

Find us on the map